[Event "Ch Oberpfalz (M1)"]
[Site "masterchessopen.com - Germany"]
[Round "2"]
[White "Koller Reinhard (GER)"]
[Black "Unterkircher Michael (GER)"]
[Result "1-0"]
[WhiteElo "2155"]
[BlackElo "2069"]

1.Nf3 c6 2.c4 d5 3.b3 Bf5 4.Bb2 e6 5.e3 Nf6 6.Be2 Nbd7 7.d3 Bd6 8.Nh4 Bg6
9.Nxg6 hxg6 10.h3 Qc7 11.Nc3 g5 12.d4 Bb4 13.a3 Bxc3+ 14.Bxc3 Ne4 15.Qc2 Ndf6
16.Bd3 g4 17.O-O-O gxh3 18.gxh3 O-O-O 19.Rdg1 g6 20.Be1 Qe7 21.c5 e5 22.f3
exd4 23.exd4 Qc7 24.fxe4 dxe4 25.Bc4 Rxd4 26.Bc3 Rd7 27.Rf1 {#r} 1-0

[Event "It (open)"]
[Site "masterchessopen.com - Malaga (Spain)"]
[Round "7"]
[White "Munoz Moreno Francisco J (ESP)"]
[Black "Nava Baro Enrique (ESP)"]
[Result "1-0"]
[WhiteElo "2305"]
[BlackElo "2191"]

1.c4 c6 2.Nf3 d5 3.b3 Nf6 4.Bb2 Bg4 5.e3 e6 6.Be2 Nbd7 7.O-O Bd6 8.d4 Ne4
9.Ne5 Bxe2 10.Qxe2 O-O 11.Nxd7 Qxd7 12.f3 Nf6 13.e4 Bc7 14.e5 Ne8 15.Ba3 dxc4
16.Qxc4 Bb6 17.Rd1 c5 18.Nc3 cxd4 19.Na4 Ba5 20.Rxd4 Qc7 21.Bxf8 Qxe5 22.Ba3
b5 23.Qc5 Qe3+ 24.Kh1 {#r} 1-0

[Event "It (open)"]
[Site "masterchessopen.com - Malaga (Spain)"]
[Round "7"]
[White "Rojas Sol P Pedro (ESP)"]
[Black "Trabert Bettina (GER)"]
[Result "0-1"]
[WhiteElo "2156"]
[BlackElo "2225"]

1.Nf3 d5 2.c4 c6 3.b3 Bg4 4.Ne5 Bf5 5.Bb2 f6 6.Nf3 e5 7.g3 dxc4 8.bxc4 Na6
9.Bg2 Nb4 10.O-O Qd7 11.d3 Nh6 12.Nc3 Be7 13.Rb1 O-O 14.Bc1 Nf7 15.Be3 Na6
16.Na4 b5 17.Nb2 Rab8 18.Qd2 Bb4 19.Qc2 Rfe8 20.Bd2 Qe7 21.Rfd1 {#R} 0-1

[Event "VL1 1997/98"]
[Site "masterchessopen.com - NRW (Germany)"]
[Round "1"]
[White "Heinzel Olaf (GER)"]
[Black "Pauling Markus (GER)"]
[Result "1-0"]
[WhiteElo "2365"]
[BlackElo "2237"]

1.Nf3 d5 2.c4 c6 3.b3 Bg4 4.Ne5 Bf5 5.e3 e6 6.Bb2 Nd7 7.Be2 Ngf6 8.f4 Bd6
9.O-O Qc7 10.d4 h5 11.Nc3 Ng4 12.Nxg4 hxg4 13.Bxg4 Bxg4 14.Qxg4 Bb4 15.Qxg7
Ke7 16.Qg5+ Nf6 17.Ne4 dxe4 18.d5 Rag8 19.Qxf6+ {#r} 1-0

[Event "It (open)"]
[Site "masterchessopen.com - Bad Zwesten (Germany)"]
[Round "2"]
[White "Hirschinger Thomas (GER)"]
[Black "Nazarenus Moritz (GER)"]
[Result "1-0"]
[WhiteElo "2111"]
[BlackElo "2229"]

1.c4 c6 2.Nf3 d5 3.b3 Nf6 4.g3 Bf5 5.Bg2 e6 6.O-O Be7 7.Bb2 O-O 8.d4 Nbd7
9.Nbd2 a5 10.a3 dxc4 11.Nxc4 c5 12.Nfe5 Rb8 13.a4 Qc7 14.Rc1 b5 15.axb5 Rxb5
16.Na3 Rb6 17.Nac4 Rb5 18.Nc6 Re8 19.Nxe7+ Rxe7 20.Ba3 Re8 21.dxc5 Reb8 22.c6
Ne4 23.Qxd7 {#r} 1-0

[Event "Cup Baku"]
[Site "masterchessopen.com - Baku (Azerbaijan)"]
[Round "5"]
[White "Babaev Talyb (AZE)"]
[Black "Badjarani Ilgar (AZE)"]
[Result "0-1"]
[WhiteElo "2262"]
[BlackElo "2368"]

1.Nf3 d5 2.c4 c6 3.b3 Nf6 4.g3 Qb6 5.Bg2 e5 6.d3 e4 7.dxe4 dxe4 8.Be3 Qa5+
9.Nfd2 Qe5 10.O-O Qxa1 11.Nxe4 Nxe4 12.Bxe4 Qe5 13.Qd3 Qd6 14.Qc2 Na6 15.Bf4
Qf6 16.Nd2 Bh3 17.Rc1 Ba3 {#R} 0-1

[Event "It (open)"]
[Site "masterchessopen.com - Collado Villalba (Spain)"]
[Round "6"]
[White "Sanz Sixto Juan Jesus (ESP)"]
[Black "Alvarez Amaury (COL)"]
[Result "1-0"]
[WhiteElo "1968"]
[BlackElo "2110"]

1.Nf3 d5 2.c4 c6 3.b3 Bg4 4.d4 Nf6 5.Bb2 e6 6.Nbd2 Nbd7 7.g3 dxc4 8.bxc4 Bb4
9.Bg2 Ne4 10.O-O Nxd2 11.Nxd2 O-O 12.a3 Bd6 13.h3 Bh5 14.Ne4 Bc7 15.d5 exd5
16.cxd5 Be5 17.Rb1 Bxb2 18.Rxb2 Nb6 19.d6 Re8 20.Qd4 Re6 21.Rd1 Rb8 22.g4 Bg6
23.Nc5 Re8 24.a4 h5 25.a5 Nd7 26.Nxb7 Qf6 27.Qxf6 gxf6 28.Bxc6 {#r} 1-0

[Event "Bundesliga (juniors) (North) East 1998/99"]
[Site "masterchessopen.com - Germany"]
[Round "0"]
[White "Neumeier Lars (GER)"]
[Black "Andre Gordon (GER)"]
[Result "1-0"]
[WhiteElo "2286"]
[BlackElo "2176"]

1.Nf3 d5 2.c4 c6 3.b3 Nf6 4.Bb2 Bg4 5.e3 e6 6.Be2 Be7 7.O-O O-O 8.d4 Nbd7
9.Nbd2 Rc8 10.Ne5 Bxe2 11.Qxe2 Nxe5 12.dxe5 Nd7 13.f4 g6 14.e4 Nc5 15.Rad1 Qb6
16.Bd4 Qa6 17.f5 Nxe4 18.Nxe4 dxe4 19.f6 Bb4 20.Qe3 Kh8 21.Rf4 Rg8 22.Rh4 g5
23.Rh5 Qxa2 24.Qh3 {#r} 1-0

[Event "Oberliga East A 1999/00"]
[Site "masterchessopen.com - Germany"]
[Round "2"]
[White "Teichgraeber Michael (GER)"]
[Black "Limpert Michael (GER)"]
[Result "0-1"]
[WhiteElo "2081"]
[BlackElo "2172"]

1.c4 c6 2.Nf3 d5 3.b3 Nf6 4.Bb2 Bf5 5.g3 e6 6.Bg2 Nbd7 7.O-O Be7 8.d3 O-O
9.Nbd2 Re8 10.h3 h6 11.Re1 Bh7 12.Bc3 a5 13.a3 Qc7 14.b4 e5 15.Nf1 e4 16.N3d2
exd3 17.e3 dxc4 18.Nxc4 Nd5 19.Bxd5 cxd5 20.Qg4 Bf6 {#R} 0-1

[Event "Ch City (open)"]
[Site "masterchessopen.com - Pinneberg (Germany)"]
[Round "1"]
[White "Oelrichs Manfred"]
[Black "Harms Peter"]
[Result "0-1"]
[WhiteElo "1663"]
[BlackElo "1669"]

1.Nf3 d5 2.c4 c6 3.b3 Nf6 4.Bb2 Bg4 5.Ne5 Bh5 6.g3 Nbd7 7.Bg2 e6 8.O-O Nxe5
9.Bxe5 d4 10.d3 Ng4 11.Bf4 e5 12.Bd2 Be7 13.Qc1 O-O 14.Na3 f5 15.c5 Nf6 16.Re1
e4 17.Nc4 Bxc5 18.Na5 Qe7 19.Nxb7 Ba3 20.Qc4+ Bf7 21.Qa4 a5 22.Nxa5 Nd5
23.dxe4 fxe4 24.Qxd4 Bc5 25.Qa4 Bxf2+ 26.Kh1 e3 27.Rf1 exd2 28.Rxf2 Qc5 {#R}
0-1

[Event "It (open)"]
[Site "masterchessopen.com - Sao Paulo (Brazil)"]
[Round "2"]
[White "Correa Fo (BRA)"]
[Black "Matsuura Everaldo (BRA)"]
[Result "0-1"]
[WhiteElo "2073"]
[BlackElo "2408"]

1.c4 c6 2.Nf3 d5 3.b3 Nf6 4.g3 Bf5 5.Bg2 e6 6.O-O Bd6 7.Bb2 Nbd7 8.d3 h6
9.Nbd2 Bh7 10.Re1 O-O 11.Rc1 e5 12.cxd5 cxd5 13.e4 Nc5 14.Rxc5 Bxc5 15.Nxe5
dxe4 16.dxe4 Bd4 17.Qa1 Bxe5 18.Bxe5 Qxd2 {#R} 0-1

[Event "Ch Slovakia (team) 1998/99 (1 liga) East"]
[Site "masterchessopen.com - Slovakia"]
[Round "11"]
[White "Gerzeni Robert (SVK)"]
[Black "Krajnak Juraj (SVK)"]
[Result "1-0"]
[WhiteElo "2070"]
[BlackElo "2117"]

1.Nf3 c6 2.c4 d5 3.b3 d4 4.Bb2 c5 5.b4 b6 6.d3 Qc7 7.g3 e5 8.Bg2 Bb7 9.bxc5
bxc5 10.O-O Bd6 11.Nbd2 Ne7 12.e3 O-O 13.Re1 f5 14.Qb3 Kh8 15.Rab1 Bc6 16.exd4
exd4 17.Re6 Nd7 18.Rbe1 Ng6 19.Ba3 Rfb8 20.Qd1 Ndf8 21.R6e2 Qa5 22.Qc1 Bf4
23.gxf4 Nxf4 24.Nb3 Qc7 25.Re7 Qd6 26.Bxc5 Qxc5 27.Nxc5 N8g6 28.Rc7 Nxg2
29.Rxc6 {#r} 1-0

[Event "It"]
[Site "masterchessopen.com - Tampere (Finland)"]
[Round "1"]
[White "Haapasalo Jukka-Pekka (FIN)"]
[Black "Topi-Hulmi Teemu (FIN)"]
[Result "1-0"]
[WhiteElo "2245"]
[BlackElo "2102"]

1.c4 c6 2.Nf3 d5 3.b3 Nf6 4.Bb2 Bf5 5.g3 e6 6.Bg2 Be7 7.O-O O-O 8.d3 Nbd7
9.Nbd2 h6 10.Qc2 Rc8 11.Rfe1 Bh7 12.Rac1 Qb6 13.cxd5 exd5 14.Bh3 Rcd8 15.Nh4
Rfe8 16.Nf5 Bf8 17.e4 dxe4 18.dxe4 Qc7 19.Nf3 Nc5 20.Nxh6+ Kh8 21.Ng5 Bg6
22.Nhxf7+ Bxf7 23.e5 Nfe4 24.Rxe4 Nxe4 25.Qxe4 {#r} 1-0

[Event "Cup Russia (open)"]
[Site "masterchessopen.com - Tomsk (Russia)"]
[Round "1"]
[White "Eletsky Denis (RUS)"]
[Black "Bocharov Dmitry (RUS)"]
[Result "0-1"]
[WhiteElo "2217"]
[BlackElo "2448"]

1.Nf3 d5 2.c4 c6 3.b3 Bg4 4.e3 e6 5.Bb2 Nf6 6.Be2 Nbd7 7.d3 Be7 8.Nbd2 a5 9.a3
O-O 10.h3 Bxf3 11.Nxf3 Nc5 12.Nd4 e5 13.Nf5 g6 14.Nxe7+ Qxe7 15.Qc2 a4 16.b4
Nb3 17.Rd1 d4 18.c5 dxe3 19.fxe3 Nd5 20.Bc1 Qh4+ 21.Kf1 f5 {#R} 0-1

[Event "It (open)"]
[Site "masterchessopen.com - Zaragoza (Spain)"]
[Round "1"]
[White "Franco Ocampos Zenon (PAR)"]
[Black "Lucea Valero Luis Eduardo (ESP)"]
[Result "1-0"]
[WhiteElo "2474"]
[BlackElo "1974"]

1.Nf3 d5 2.c4 c6 3.b3 Bg4 4.Bb2 Nf6 5.Ne5 Nbd7 6.Nxg4 Nxg4 7.e4 Ngf6 8.exd5
cxd5 9.cxd5 Nxd5 10.Bc4 N7b6 11.Bb5+ Nd7 12.Qf3 e6 13.O-O a6 14.Bc4 N7f6
15.Bxf6 Qxf6 16.Bxd5 Qxa1 17.Bxb7 Rd8 18.Qc6+ Ke7 19.Nc3 Qb2 20.Qc5+ Kd7
21.Bc6+ Kc8 22.Qa7 Rxd2 23.Ne4 Qxa2 24.Qb7+ Kd8 25.Qb8+ {#r} 1-0

[Event "It (open)"]
[Site "masterchessopen.com - Augsburg (Germany)"]
[Round "5"]
[White "Bretthauer Dirk (GER)"]
[Black "Rolle Eric (GER)"]
[Result "0-1"]
[WhiteElo "1940"]
[BlackElo "2130"]

1.Nf3 d5 2.c4 c6 3.b3 Bf5 4.g3 e6 5.Bb2 h6 6.Bg2 Nf6 7.O-O Nbd7 8.d4 a5 9.cxd5
exd5 10.Nc3 Bb4 11.a3 Bxc3 12.Bxc3 O-O 13.b4 Ne4 14.Be1 a4 15.Bd2 f6 16.Be3
Nb6 17.Nd2 Nc3 18.Qe1 Re8 19.Rc1 Nb5 20.Ra1 Nc4 21.Nxc4 dxc4 22.Qc1 c3 23.Rd1
c2 24.Rd2 Nc3 25.d5 cxd5 26.Bf3 Rc8 27.Qb2 Rc4 28.Bd4 Nb1 {#R} 0-1

[Event "It (open)"]
[Site "masterchessopen.com - Bratto (Italy)"]
[Round "4"]
[White "Cetro Carlo (ITA)"]
[Black "Lapiccirella Daniele (ITA)"]
[Result "1-0"]
[WhiteElo "2050"]
[BlackElo "2084"]

1.c4 c6 2.Nf3 d5 3.b3 Bg4 4.Bb2 Nd7 5.d4 Ngf6 6.e3 e6 7.Be2 Bd6 8.c5 Bc7
9.Nbd2 O-O 10.h3 Bh5 11.b4 Re8 12.g4 Bg6 13.Ne5 Nxe5 14.dxe5 Nd7 15.f4 Qh4+
16.Kf1 f6 17.Nf3 Qg3 18.exf6 Nxf6 19.Bc3 Nxg4 20.hxg4 Qxg4 21.Qd4 e5 22.Nxe5
Bxe5 23.Bxg4 {#r} 1-0

[Event "It (open)"]
[Site "masterchessopen.com - Cannes (France)"]
[Round "5"]
[White "Dichev Nedelcho (BUL)"]
[Black "Bordi Kevin (MNC)"]
[Result "1-0"]
[WhiteElo "2193"]
[BlackElo "2150"]

1.c4 c6 2.Nf3 d5 3.b3 Bf5 4.g3 Nf6 5.Bg2 e6 6.O-O Be7 7.d3 O-O 8.Bb2 Nbd7
9.Nbd2 a5 10.a3 Nb6 11.Rc1 a4 12.b4 Nbd7 13.Rc2 Rc8 14.Qa1 Bg6 15.Rfc1 c5
16.cxd5 exd5 17.bxc5 Rxc5 18.Bd4 Rxc2 19.Rxc2 Qb8 20.Ne5 Qd6 21.Nxd7 Qxd7
22.Qc1 b5 23.Bc5 h6 24.Nf3 Rc8 25.Nd4 Rb8 26.Bxe7 Qxe7 27.Nc6 {#r} 1-0

[Event "It (open)"]
[Site "masterchessopen.com - Frankfurt (Germany)"]
[Round "1"]
[White "Kuehn Thomas (GER)"]
[Black "Meyer Stefan (GER)"]
[Result "0-1"]
[WhiteElo "1931"]
[BlackElo "2155"]

1.Nf3 d5 2.c4 c6 3.b3 Bg4 4.Bb2 Nd7 5.g3 Bxf3 6.exf3 Ngf6 7.Bg2 Qb6 8.d3 h5
9.h4 e6 10.a3 dxc4 11.dxc4 O-O-O 12.Nd2 Nc5 13.Bf1 Rxd2 14.Qxd2 Nxb3 15.Qd1
Nxa1 16.Qxa1 Bc5 17.Rh2 Qa5+ 18.Bc3 Qxa3 19.Qxa3 Bxa3 20.Bxf6 gxf6 21.g4 Rd8
22.gxh5 Bb4+ 23.Ke2 a5 24.h6 a4 25.h7 a3 26.Rg2 f5 {#R} 0-1

[Event "Bayern Landesliga North 2000/01"]
[Site "masterchessopen.com - Germany"]
[Round "3"]
[White "Bucka Reinhard"]
[Black "Loos Roland (GER)"]
[Result "0-1"]
[WhiteElo "2135"]
[BlackElo "2165"]

1.c4 c6 2.Nf3 d5 3.b3 Nf6 4.g3 Bf5 5.Bb2 e6 6.Bg2 Nbd7 7.O-O Bc5 8.d3 O-O
9.Qd2 Qe7 10.a3 a5 11.d4 Ne4 12.Qc1 Bd6 13.Nh4 Bg4 14.f3 Nxg3 15.hxg3 Bxg3
16.fxg4 Qxh4 17.Rf3 Nf6 18.Qc3 Ne4 19.Qe3 f5 20.gxf5 exf5 21.Nc3 f4 22.Qd3 Nf2
23.Qc2 Qh2+ 24.Kf1 Nh3 25.Bxh3 Qh1# 0-1

[Event "It (cat.3)"]
[Site "masterchessopen.com - Lohmar (Germany)"]
[Round "4"]
[White "Dgebuadze Alexandre (BEL)"]
[Black "Huhndorf Arnold (GER)"]
[Result "1-0"]
[WhiteElo "2536"]
[BlackElo "2251"]

1.c4 c6 2.Nf3 d5 3.b3 Nf6 4.Bb2 Bf5 5.d3 e6 6.Nbd2 Nbd7 7.g3 a5 8.a3 h6 9.Bg2
Bd6 10.e4 dxe4 11.dxe4 Bg4 12.Qc2 Qc7 13.O-O O-O 14.Qc3 e5 15.b4 b6 16.Nh4
Rfe8 17.h3 Be6 18.Nf5 Bf8 19.Ne3 Bd6 20.Nb3 axb4 21.axb4 Nh5 22.Rxa8 Rxa8
23.Nc1 Ra4 24.Nd3 f6 25.Bf3 g6 26.Bg4 Ng7 27.c5 bxc5 28.bxc5 {#r} 1-0

[Event "Ch World (juniors) (under 12) (g)"]
[Site "masterchessopen.com - Oropesa (Spain)"]
[Round "6"]
[White "Franciskovic Borka (CRO)"]
[Black "Kovacs Ondina (ROM)"]
[Result "0-1"]
[WhiteElo "2265"]
[BlackElo "1945"]

1.Nf3 d5 2.c4 c6 3.b3 Bf5 4.g3 g6 5.Bg2 f6 6.d3 Bg7 7.Nbd2 e5 8.Bb2 Ne7 9.e4
Be6 10.exd5 cxd5 11.O-O O-O 12.Re1 Nbc6 13.cxd5 Bxd5 14.d4 exd4 15.Nxd4 Nxd4
16.Bxd4 f5 17.Rxe7 Bxd4 18.Bxd5+ Qxd5 19.Nf3 Qc5 20.Re2 Bxa1 {#R} 0-1

[Event "Tournament (Elo)"]
[Site "masterchessopen.com - San Francisco (USA)"]
[Round "8"]
[White "Nambiar Vivek (USA)"]
[Black "Grijalva Ricky (USA)"]
[Result "0-1"]
[WhiteElo "2211"]
[BlackElo "2138"]

1.Nf3 d5 2.c4 c6 3.b3 Bf5 4.Bb2 Nf6 5.g3 e6 6.Bg2 Bd6 7.d3 Nbd7 8.O-O Qe7
9.Nbd2 e5 10.e4 dxe4 11.dxe4 Bg4 12.Qc2 O-O-O 13.a3 h5 14.h4 Nh7 15.b4 g5
16.c5 Bc7 17.b5 gxh4 18.bxc6 Nxc5 19.Nxh4 Nd3 20.Rab1 Nf4 21.gxf4 Qxh4 22.Rfc1
b5 23.Nf1 Rhg8 24.Bxe5 Bf3 25.Ng3 Bb6 26.f5 Rxg3 {#R} 0-1

[Event "Ch Ukraine"]
[Site "masterchessopen.com - Sevastopol (Ukraine)"]
[Round "8"]
[White "Golovanj Andrej (UKR)"]
[Black "Golovlev Nikolay (UKR)"]
[Result "0-1"]
[WhiteElo "2218"]
[BlackElo "2324"]

1.Nf3 d5 2.c4 c6 3.b3 Bg4 4.Bb2 Nd7 5.d3 Ngf6 6.Nbd2 e6 7.g3 Bd6 8.Bg2 O-O
9.h3 Bh5 10.g4 Bg6 11.Nh4 Qe7 12.Nxg6 fxg6 13.e3 g5 14.Qe2 a5 15.a3 Ne5 16.Nf3
Nxf3+ 17.Bxf3 Nd7 18.Bg2 Ne5 19.h4 gxh4 20.c5 Bc7 21.f4 Nd7 22.d4 g5 23.O-O-O
gxf4 24.g5 fxe3 25.Rxh4 Rf2 26.Qg4 Nxc5 27.g6 Nxb3+ 28.Kb1 Rf4 {#R} 0-1

[Event "It (open)"]
[Site "masterchessopen.com - Bergen (Norway)"]
[Round "1"]
[White "Sprotte Norbert (GER)"]
[Black "Svensen Tarjei (NOR)"]
[Result "1-0"]
[WhiteElo "2249"]
[BlackElo "2077"]

1.Nf3 d5 2.c4 c6 3.b3 Nf6 4.g3 Bf5 5.Bg2 e6 6.O-O Bd6 7.Bb2 Nbd7 8.cxd5 exd5
9.d3 O-O 10.Nbd2 Re8 11.Re1 Nc5 12.b4 Na6 13.a3 h6 14.e4 dxe4 15.dxe4 Nxe4
16.Nh4 Nxd2 17.Rxe8+ Qxe8 18.Qxd2 Rd8 19.Qc3 Be5 20.Qxe5 Qxe5 21.Bxe5 Be6
22.Nf3 {#r} 1-0

[Event "It (c)"]
[Site "masterchessopen.com - Bethune (France)"]
[Round "0"]
[White "Holland Christopher (GCI)"]
[Black "Swiercz Sandra (FRA)"]
[Result "1-0"]
[WhiteElo "2270"]
[BlackElo "1923"]

1.Nf3 d5 2.c4 c6 3.b3 Nf6 4.Bb2 Bf5 5.Bxf6 exf6 6.cxd5 Qxd5 7.Nc3 Qd8 8.e4 Bg4
9.h3 Bh5 10.g4 Bg6 11.Nh4 Bb4 12.Nxg6 fxg6 13.Qf3 Nd7 14.d4 Qc7 15.Rc1 O-O-O
16.Bc4 Nb6 17.Be6+ Kb8 18.O-O Qe7 19.d5 cxd5 20.Bxd5 Bxc3 21.Rxc3 Nxd5 22.exd5
Qe5 23.Rfc1 Qxd5 24.Rc8+ {#r} 1-0

[Event "It (open)"]
[Site "masterchessopen.com - Helsinki (Finland)"]
[Round "2"]
[White "Porrasmaa Timo (FIN)"]
[Black "Gronroos Matti (FIN)"]
[Result "1-0"]
[WhiteElo "2214"]
[BlackElo "1990"]

1.Nf3 d5 2.c4 c6 3.b3 Nf6 4.g3 Bf5 5.Bg2 e6 6.O-O Be7 7.Bb2 O-O 8.d3 h6 9.Nbd2
a5 10.a3 Nbd7 11.Qc2 Bh7 12.Rfc1 Ra6 13.Bc3 Qa8 14.b4 dxc4 15.Nxc4 axb4
16.axb4 Nd5 17.Rxa6 Qxa6 18.Ra1 Qxc4 19.dxc4 Bxc2 20.cxd5 cxd5 21.Ra7 Rc8
22.Bd2 Rc7 23.Bf4 e5 24.Nxe5 g5 25.Ng6 gxf4 26.Nxe7+ Kf8 27.Nxd5 Rc4 28.Rxb7
fxg3 29.Rxd7 {#r} 1-0

[Event "It (open) (juniors) (under 20)"]
[Site "masterchessopen.com - Hengelo (Netherlands)"]
[Round "6"]
[White "Willemze Thomas (NED)"]
[Black "Van Rosmalen Joost (NED)"]
[Result "1-0"]
[WhiteElo "2245"]
[BlackElo "2156"]

1.Nf3 d5 2.c4 c6 3.b3 Nf6 4.Bb2 g6 5.e3 Bg7 6.Be2 O-O 7.O-O Re8 8.Ne5 Nbd7
9.f4 e6 10.Qc2 Nxe5 11.fxe5 Nd7 12.d4 b6 13.Nc3 Bb7 14.Rf2 Qe7 15.Raf1 Rf8
16.Qc1 a6 17.Ba3 c5 18.Bf3 Rac8 19.cxd5 exd5 20.Nxd5 Bxd5 21.Bxd5 {#r} 1-0

[Event "Ch Poland (team) (juniors) (under 20) (2 div)"]
[Site "masterchessopen.com - Krynica (Poland)"]
[Round "9"]
[White "Wozniak Marcin (POL)"]
[Black "Dziubinski Pawel (POL)"]
[Result "1-0"]
[WhiteElo "1828"]
[BlackElo "2070"]

1.c4 c6 2.Nf3 d5 3.b3 Nf6 4.Bb2 Bg4 5.e3 e6 6.Be2 Nbd7 7.O-O Bd6 8.d4 O-O
9.Nbd2 Re8 10.Ne5 Bf5 11.f4 h6 12.c5 Bxe5 13.fxe5 Ne4 14.Nf3 b6 15.b4 a5 16.a3
axb4 17.axb4 b5 18.Qb3 Qc7 19.Ra3 Qb7 20.Rfa1 Kf8 21.Qa2 Rxa3 22.Qxa3 Ke7
23.Qa5 {#r} 1-0

[Event "Ch Russia (w) (1 liga)"]
[Site "masterchessopen.com - Protvino (Russia)"]
[Round "8"]
[White "Strutinskaya Galina N (RUS)"]
[Black "Postnova Ekaterina (RUS)"]
[Result "1-0"]
[WhiteElo "2361"]
[BlackElo "2215"]

1.c4 c6 2.Nf3 d5 3.b3 Nf6 4.Bb2 Bf5 5.d3 e6 6.Nbd2 Nbd7 7.g3 Bd6 8.Nh4 Bg6
9.Bg2 e5 10.cxd5 cxd5 11.O-O O-O 12.e4 Nc5 13.Nxg6 hxg6 14.Qe2 dxe4 15.dxe4
Bc7 16.Ba3 Bb6 17.Nc4 Re8 18.Rfd1 Qe7 19.Rac1 Rad8 20.Nxb6 Rxd1+ 21.Qxd1 axb6
22.b4 Ra8 23.Qf3 Nfxe4 24.bxc5 bxc5 25.Qe3 f5 26.Bxe4 {#r} 1-0

[Event "Ch Croatia (team) (1st league) (juniors)"]
[Site "masterchessopen.com - Pula (Croatia)"]
[Round "6"]
[White "Sikanjic Bojan (CRO)"]
[Black "Mesin Vedran (CRO)"]
[Result "1-0"]
[WhiteElo "2072"]
[BlackElo "1987"]

1.c4 c6 2.Nf3 d5 3.b3 Nf6 4.Bb2 e6 5.e3 Be7 6.Be2 Nbd7 7.O-O O-O 8.d4 Re8
9.Nbd2 Nf8 10.Qc2 N6d7 11.e4 dxe4 12.Nxe4 Nf6 13.Rfd1 Bd7 14.Ne5 Qc7 15.Ng5
Ng6 16.Ngxf7 Rf8 17.Nxg6 Rxf7 18.Nxe7+ Rxe7 19.Bf3 Rf8 20.Ba3 {#r} 1-0

[Event "Ch Azerbaijan (w)"]
[Site "masterchessopen.com - Baku (Azerbaijan)"]
[Round "3"]
[White "Alieva Elmira (AZE)"]
[Black "Ismailova Aytaj (AZE)"]
[Result "1-0"]
[WhiteElo "2251"]
[BlackElo "2137"]

1.Nf3 d5 2.c4 c6 3.b3 Bf5 4.Bb2 Nf6 5.e3 e6 6.Be2 Bd6 7.Nc3 h6 8.Rc1 a6 9.d4
Nbd7 10.c5 Bc7 11.b4 O-O 12.O-O e5 13.dxe5 Nxe5 14.Nd4 Bh7 15.f4 Ned7 16.Qe1
Qe7 17.Qg3 Rfe8 18.Nd1 Kh8 19.Nf3 Nh5 20.Qh3 Nhf6 21.Nh4 Ne4 22.Nf5 Bxf5
23.Qxh6+ {#r} 1-0

[Event "It (open)"]
[Site "masterchessopen.com - Barcelona (Spain)"]
[Round "1"]
[White "Marques Taltabull Antonio (ESP)"]
[Black "Catalan Escale Enric (ESP)"]
[Result "1-0"]
[WhiteElo "2195"]
[BlackElo "2100"]

1.Nf3 d5 2.c4 c6 3.b3 Bg4 4.Bb2 Nd7 5.d4 e6 6.Nbd2 Ngf6 7.e3 Be7 8.Bd3 O-O
9.Qc2 Bxf3 10.gxf3 Rc8 11.O-O c5 12.dxc5 Bxc5 13.Rad1 Qb6 14.Kh1 Rfd8 15.Rg1
d4 16.b4 Bxb4 17.exd4 g6 18.Ne4 Nh5 19.c5 Qc6 20.Qb3 Bxc5 21.Bb5 Qd5 22.Bc4
Qc6 23.d5 exd5 24.Bxd5 {#r} 1-0

[Event "Tournament (Elo)"]
[Site "masterchessopen.com - Gausdal (Norway)"]
[Round "1"]
[White "Hammer Jon Ludvig (NOR)"]
[Black "Svensen Tarjei (NOR)"]
[Result "0-1"]
[WhiteElo "2601"]
[BlackElo "2074"]

1.Nf3 d5 2.c4 c6 3.b3 Bf5 4.Bb2 Nf6 5.g3 e6 6.Bg2 Nbd7 7.O-O h6 8.d3 Bc5
9.Nbd2 O-O 10.h3 Qc7 11.Re1 Bh7 12.e4 dxe4 13.dxe4 Qxg3 14.Nd4 Qc7 15.e5 Nxe5
16.Nxe6 Bxf2+ 17.Kh1 fxe6 18.Rxe5 Bf5 19.Qf3 Bh4 20.c5 Nd7 21.Re2 Nxc5 22.Be5
Qf7 23.Qc3 Nd3 24.Rf1 Nxe5 25.Qxe5 Qg6 {#R} 0-1

[Event "Ch France (juniors) (under 16)"]
[Site "masterchessopen.com - Hyeres (France)"]
[Round "10"]
[White "Beudaert Xavier (FRA)"]
[Black "Bordi Kevin (MNC)"]
[Result "1-0"]
[WhiteElo "2293"]
[BlackElo "2173"]

1.Nf3 d5 2.c4 c6 3.b3 Bg4 4.g3 Bxf3 5.exf3 d4 6.f4 c5 7.Bg2 Qc7 8.O-O Nc6 9.d3
Nf6 10.f5 g6 11.Bg5 Bg7 12.fxg6 hxg6 13.Nd2 Rh5 14.Bxf6 Bxf6 15.Ne4 Bg7 16.f4
Qb6 17.Qe2 O-O-O 18.Bf3 Rh6 19.Ng5 Rf8 20.Nxf7 e5 21.Nxh6 Bxh6 22.fxe5 Be3+
23.Kh1 Rh8 24.Bxc6 Qxc6+ 25.Qg2 Qe6 26.a3 Qxe5 27.Rf7 Qb8 28.Raf1 Re8 29.Qh3+
{#r} 1-0

[Event "Ch Slovakia (open) (b)"]
[Site "masterchessopen.com - Kaskady (Slovakia)"]
[Round "9"]
[White "Jelen Peter (SVK)"]
[Black "Bednar Jan (SVK)"]
[Result "1-0"]
[WhiteElo "2181"]
[BlackElo "2080"]

1.c4 c6 2.Nf3 d5 3.b3 Bf5 4.Bb2 e6 5.g3 Nf6 6.Bg2 Bd6 7.O-O O-O 8.d3 Qe7 9.Nc3
Ba3 10.Bxa3 Qxa3 11.Nd4 Bg6 12.Qd2 Qe7 13.cxd5 cxd5 14.Rac1 Na6 15.Na4 Rfc8
16.Nb5 Nc5 17.Qb4 Nfd7 18.Nxc5 Nxc5 19.d4 a6 20.Nc3 a5 21.Qa3 b5 22.Nxb5 Qb7
23.Nd6 {#r} 1-0

[Event "Ch Wales"]
[Site "masterchessopen.com - Swansea (Wales)"]
[Round "3"]
[White "Hardie John (WLS)"]
[Black "Rees Ioan (WLS)"]
[Result "0-1"]
[WhiteElo "2057"]
[BlackElo "2106"]

1.c4 c6 2.Nf3 d5 3.b3 Nf6 4.Bb2 e6 5.e3 Nbd7 6.Be2 Bd6 7.d4 b6 8.O-O Bb7
9.Nbd2 Qc7 10.Qc2 g5 11.e4 dxe4 12.Nxe4 Nxe4 13.Qxe4 Nf6 14.Qc2 g4 15.Ne5
O-O-O 16.f4 c5 17.Bd3 h5 18.Rae1 Rhf8 19.Re2 h4 20.Kf2 g3+ 21.hxg3 Bxe5
22.dxe5 Ng4+ 23.Ke1 hxg3 24.Bc1 Rd7 25.Be3 Rfd8 26.Bh7 f5 {#R} 0-1

[Event "It (open)"]
[Site "masterchessopen.com - Arco (Italy)"]
[Round "1"]
[White "Wohl Aleksandar H (AUS)"]
[Black "Astengo Marcello (ITA)"]
[Result "1-0"]
[WhiteElo "2359"]
[BlackElo "2032"]

1.Nf3 d5 2.c4 c6 3.b3 Bf5 4.Bb2 Nf6 5.g3 h6 6.cxd5 cxd5 7.Bxf6 exf6 8.Bg2 Nc6
9.O-O Rc8 10.a3 Be7 11.b4 O-O 12.Qb3 Be6 13.d4 Qb6 14.Qd3 a5 15.b5 Na7 16.Nc3
Qc7 17.Rfc1 Qd7 18.b6 Nc6 19.Qb5 Rfd8 20.e3 Ra8 21.Na4 Nb8 22.Qb3 Qe8 23.Ne1
Bd7 24.Nc5 Bc6 25.Ned3 a4 26.Qa2 Rd6 27.Nb4 Na6 28.Ncxa6 bxa6 29.Nxc6 {#r} 1-0

[Event "It (open)"]
[Site "masterchessopen.com - Arco (Italy)"]
[Round "4"]
[White "Wronn Bernd (GER)"]
[Black "Wagman Stuart (USA)"]
[Result "0-1"]
[WhiteElo "2251"]
[BlackElo "2139"]

1.Nf3 d5 2.c4 c6 3.b3 Bg4 4.Bb2 e6 5.d3 Nf6 6.Ne5 Bh5 7.Nd2 Nbd7 8.Nxd7 Qxd7
9.Qc2 Be7 10.e4 dxe4 11.dxe4 Qc7 12.f3 O-O-O 13.a3 Bd6 14.g4 Bg6 15.h4 Bg3+
16.Ke2 Nxg4 17.Bg2 Ne3 18.Kxe3 Bf4+ 19.Ke2 Rxd2+ 20.Qxd2 Bxd2 21.Kxd2 Qg3
22.Rag1 Qf2+ 23.Kc3 Rd8 24.Bc1 Qe2 25.Kb4 Rd3 26.Bf1 Qe1+ 27.Ka4 b6 {#R} 0-1